Encyclopedia of play in today's society (Record no. 259899)

MARC details
000 -LEADER
fixed length control field 00679nam a2200217Ia 4500
008 - FIXED-LENGTH DATA ELEMENTS--GENERAL INFORMATION
fixed length control field 191130s2009##################000#0#eng##
020 ## - INTERNATIONAL STANDARD BOOK NUMBER
ISBN 9781412966702
082 ## - DEWEY DECIMAL CLASSIFICATION NUMBER
Classification number 790.1 CAR
245 ## - TITLE STATEMENT
Title Encyclopedia of play in today's society
Statement of responsibility, etc Rodney P. Carlisle, general editor
260 ## - PUBLICATION, DISTRIBUTION, ETC. (IMPRINT)
Place of publication Thousand Oaks, CA
Name of publisher SAGE
Year of publication 2009
300 ## - PHYSICAL DESCRIPTION
Number of Pages 2 v. (xl, 980 p.) : ill. ; 29 cm
500 ## - GENERAL NOTE
General note Includes bibliographical reference and index
650 ## - SUBJECT ADDED ENTRY--TOPICAL TERM
Topical Term Leisure - Encyclopedias
Topical Term Recreation - Encyclopedias
700 ## - ADDED ENTRY--PERSONAL NAME
Personal name Carlisle, Rodney P
991 ## -
-- 355590
Holdings
Withdrawn status Lost status Damaged status Not for loan Home library Current library Shelving location Date acquired Full call number Accession Number Price effective from Koha item type
        Anna Centenary Library Anna Centenary Library 6TH FLOOR, B WING 13.10.2020 790.1 CAR 159704 13.10.2020 English Books

Find us on the map